Statystyki dla 15 największych miast strefy czasowej UTC-05:00

Kliknij tutaj aby rozwiązać quiz!

Ogólne statystyki

  • Ten quiz został rozwiązany 5 razy
  • Średni wynik to 8 z 15

Statystyki odpowiedzi

Liczba ludnośćiMiasto% Poprawnych
8 258 847Lima
100%
8 336 818Nowy Jork
100%
7 451 700Bogotá
75%
2 233 000Cali
75%
2 135 498Hawana
50%
2 335 600Medellín
50%
1 704 694Montreal
50%
934 243Ottawa
50%
1 607 734Quito
50%
2 731 579Toronto
50%
1 189 500Barranquilla
25%
911 300Cartagena de Indias
25%
1 584 064Filadelfia
25%
2 278 691Guayaquil
25%
906 528Columbus
0%

Rozkład punktacji

Percentyl według liczby udzielonych odpowiedzi

Procent ludzi z każdym wynikiem

Twoja historia wyników

Nie rozwiązałeś tego quizu